000
00336nam a22001457a 4500
008
210429b ||||| |||| 00| 0 eng d
020
_a
9781591940371
041
_a
eng
080
_2
4th
_a
37
082
_a
37
100
_a
46
101
_a
EDU
245
_a
Ten Steps to Building College Reading Skills
_c
Langan,J
942
_2
udc
_c
BK
999
_c
57013
_d
57013